000 00521ntaaa2200193 4500
003 01
005 20251027202319.0
008 0714s1973 ag 01
040 _aAR-BaBN
_bspa
_cAR-BaBN
_eaacr
_dRIC
082 _a280.1000 W89r
100 _aWorld Council of Churches
_918625
245 _aResource sharing book
250 _a1 ed.
260 _aGeneva :
_bWorld Council of Churches,
_c1983
300 _a4 tomos ;
_c21 cm
500 _aPublicado cada ano
650 _aConcilio mundial de iglesias
_93998
942 _cBK
999 _c17964
_d17964